Bedári : 4/ Idyla ... a epopeja ... /

Gespeichert in:
Bibliographische Detailangaben
1. Verfasser: HUGO, Victor (Verfasst von)
Weitere Verfasser: Felix, Jozef (Übersetzung)
Format: Buch
Sprache:Slowakisch
Veröffentlicht: Bratislava, Tatran 1973
Ausgabe:3. vydanie
Schriftenreihe:METEOR, 51. zväzok
Tags: Tag hinzufügen
Keine Tags, Fügen Sie das erste Tag hinzu!

MARC

LEADER 00000nam a22000003a 4500
001 0103214
003 SK-STU
005 20230706111047.6
007 ta
008 230706s ----xo-----e------000-0-----d
040 |a STU  |b slo 
041 0 |a slo 
044 |a xo 
100 1 |a HUGO, Victor  |4 aut 
245 1 0 |a Bedári :  |b 4/ Idyla ... a epopeja ... /  |c aut. Victor HUGO ; prekl. Jozef Felix 
250 |a 3. vydanie 
260 |a Bratislava,  |b Tatran  |c 1973 
300 |a 400 strán 
490 0 |a METEOR,  |v 51. zväzok 
700 1 |a Felix, Jozef  |4 trl 
996 |c I* 4SOA14003  |l I  |s A  |a 24  |w 0103214_0001